| 000 | 00549nam a2200181 i 4500 | ||
|---|---|---|---|
| 001 | bg | ||
| 245 | 0 |
_aGeotechnika w ćwiczeniach : _bpraca zbiorowa / _cpod red. Tadeusza Przedeckiego. |
|
| 260 |
_aŁódź : _bPolit. Łódzka, _c1982. |
||
| 300 |
_as. 191, nlb. 1 : _bilustr., rys., tab. |
||
| 490 | 1 | _aSkrypty dla Szkół Wyższych | |
| 504 | _a[Zawiera bibliogr. s. 192]. | ||
| 830 | _aSkrypty dla Szkół Wyższych | ||
| 040 | _cBPK | ||
| 041 | _apol | ||
| 080 | _a624.13(075.8) | ||
| 942 | _cKS | ||
| 008 | s pl f |000 0 pol | ||
| 999 |
_c21222 _d21222 |
||
| 856 |
_uhttp://koha.tu.koszalin.pl/cgi-bin/koha/opac-detail.pl?biblionumber=21222 _yKatalog online BPK |
||